[Event "3rd Amplico AIG Life"]
[Site "Warsaw POL"]
[Date "2003.12.20"]
[Round "?"]
[White "Nielsen,PH"]
[Black "Jaracz,P"]
[Result "0-1"]
[WhiteElo "2626"]
[BlackElo "2542"]

1.d4 Nf6 2.c4 e6 3.g3 d5 4.Bg2 dxc4 5.Nf3 c6 6.O-O b5 7.Ne5 Bb7 8.a4 a6 9.Nc3 Qb6
10.e4 Bb4 11.Be3 O-O 12.Na2 Be7 13.b3 cxb3 14.Qxb3 c5 15.dxc5 Bxc5 16.a5 Qa7
17.Rac1 Bxe3 18.Qxe3 Qxe3 19.fxe3 Nbd7 20.Nxd7 Nxd7 21.Rc7 Bc8 22.Nb4 Ne5
23.Rd1 Rb8 24.Rd6 Nc4 25.Nxa6 Ra8 26.Nb4 Nxd6 27.e5 Ne8 28.Rc3 Rxa5 29.Rxc8 Ra1+
30.Kf2 f6 31.Bh3 fxe5+ 32.Ke2 Kf7 33.Nd3 Ra2+ 34.Kd1 Rxh2 35.Bg4 Ke7 36.Be2 e4
37.Nb4 Rff2 38.Rc2 Nd6 39.Ke1 Rfg2 40.Rc7+ Kf6 41.Bf1 Rb2  0-1

[Event "Premier"]
[Site "Hastings ENG"]
[Date "2004.01.02"]
[Round "6"]
[White "Nielsen,PH"]
[Black "Gormally,D"]
[Result "1/2-1/2"]
[WhiteElo "2626"]
[BlackElo "2471"]

1.d4 Nf6 2.c4 e6 3.Nf3 b6 4.g3 Ba6 5.Qb3 Nc6 6.Nbd2 Bb4 7.Bg2 Bb7 8.d5 Bxd2+
9.Nxd2 Ne7 10.e4 exd5 11.cxd5 O-O 12.O-O d6 13.Nc4 Nd7 14.Be3 a5 15.Rfd1 Ng6
16.Rac1 f5 17.exf5 Rxf5 18.Bh3 Rf8 19.Be6+ Kh8 20.f4 Ne7 21.Bf2 Nf6 22.Ne3 Ne4
23.Ng4 Bc8 24.Qc2 Nc5 25.Bxc5 bxc5 26.Ne3 Nc6 27.Qe4 Nd4 28.Nc2 Nxc2 29.Rxc2 Qf6
30.Re2 Ba6 31.Rf2 Rab8 32.Rdd2 Rb4 33.Qd3  1/2-1/2

[Event "Blitz"]
[Site "Reykjavik ISL"]
[Date "2004.03.17"]
[Round "1"]
[White "Epishin,V"]
[Black "Nielsen,PH"]
[Result "0-1"]
[WhiteElo "2633"]
[BlackElo "2638"]

1.d4 Nf6 2.c4 e6 3.Nf3 d5 4.e3 Be7 5.Nbd2 O-O 6.a3 b6 7.b4 c5 8.dxc5 bxc5
9.b5 a6 10.Bb2 axb5 11.cxb5 Qa5 12.a4 c4 13.Qc2 Ne4 14.Bxc4 Nxd2 15.Nxd2 dxc4
16.O-O Bb7 17.Nxc4 Qc7 18.Rfc1 Nd7 19.a5 Nc5 20.Be5 Qd7 21.Nb6 Qxb5 22.f3 Nb3
23.Rab1 Qxe5 24.Rxb3 Qxa5 25.e4 h5 26.Kh1 h4 27.Qc3 Qg5 28.Rd1 Bf6 29.Qe3 Qe5
30.Rbd3 g5 31.g3 g4 32.Re1 hxg3 33.f4  0-1

[Event "Blitz"]
[Site "Reykjavik ISL"]
[Date "2004.03.17"]
[Round "2"]
[White "Nielsen,PH"]
[Black "Short,N"]
[Result "1-0"]
[WhiteElo "2638"]
[BlackElo "2702"]

1.d4 e6 2.c4 b6 3.a3 f5 4.d5 Ba6 5.Qb3 Nf6 6.Nc3 Bc5 7.g3 exd5 8.cxd5 O-O
9.Bg2 Kh8 10.Nh3 Bd4 11.O-O Bxc3 12.Qxc3 Bxe2 13.Re1 Bh5 14.b4 a5 15.b5 a4
16.Bf4 d6 17.Ng5 Qd7 18.Ne6 Rf7 19.Rac1 Ra7 20.Qd3 Bg6 21.h4 h6 22.Bf3 Ra5
23.Rxc7 Qe8 24.Bxd6 Rxc7 25.Bxc7 Nbd7 26.Qd2 Ne4 27.Qd4 Qf7 28.h5 Bh7 29.Bf4 Nef6
30.Rc1 Rxb5 31.Rc8+ Bg8 32.Nd8 Qe8 33.Kg2 Rb1 34.Be3 Ne5 35.Qxe5 Qxe5 36.Nf7+ Kh7
37.Nxe5 Nxd5 38.Ng6 b5 39.Kh2 Rb2 40.Kh3 Rd2 41.Rb8 Rd3 42.Rxb5 Rxe3 43.Bxd5 Bxd5  1-0

[Event "Blitz"]
[Site "Reykjavik ISL"]
[Date "2004.03.17"]
[Round "6"]
[White "Nielsen,PH"]
[Black "Nataf,IA"]
[Result "1-0"]
[WhiteElo "2638"]
[BlackElo "2569"]

1.d4 Nf6 2.c4 g6 3.g3 Bg7 4.Bg2 O-O 5.Nf3 d6 6.O-O Nc6 7.Nc3 Bf5 8.d5 Na5
9.Nd2 c6 10.b4 Nxc4 11.Nxc4 Nxd5 12.Nxd5 Bxa1 13.Bh6 Bg7 14.Bxg7 Kxg7 15.Nde3 Be6
16.a4 Bxc4 17.Nxc4 d5 18.Nd2 Qd6 19.Qb3 a5 20.b5 e5 21.e4 Rfd8 22.Rc1 f6
23.h4 h5 24.exd5 cxd5 25.Nf1 d4 26.Bxb7 Rab8 27.Bg2 f5 28.Rc6 Qe7 29.b6 e4
30.Qb5 Kh6 31.Qxa5 Rd6 32.Qc5 Re6 33.Qxe7 Rxe7 34.a5 e3 35.fxe3 dxe3 36.Nxe3 Rxe3
37.a6 Rd8 38.b7 Ra3 39.Rc8 Rd1+ 40.Kh2 Rb1 41.Ra8 Rb2 42.a7  1-0

[Event "Rapid"]
[Site "Reykjavik ISL"]
[Date "2004.03.18"]
[Round "1.1"]
[White "Epishin,V"]
[Black "Nielsen,PH"]
[Result "0-1"]
[WhiteElo "2633"]
[BlackElo "2638"]

1.d4 Nf6 2.c4 e6 3.Nc3 Bb4 4.e3 O-O 5.Ne2 d5 6.a3 Bd6 7.Ng3 c5 8.dxc5 Bxc5
9.cxd5 exd5 10.Bd3 Bg4 11.Nce2 Nc6 12.O-O Re8 13.h3 Bxe2 14.Nxe2 d4 15.b4 Bb6
16.b5 Ne5 17.Nxd4 Bxd4 18.exd4 Nxd3 19.Qxd3 Nd5 20.Bd2 Qd7 21.Rfe1 f6 22.a4 Rxe1+
23.Rxe1 Re8 24.Rxe8+ Qxe8 25.a5 Qd7 26.Qc4 b6 27.a6 Qe6 28.Qc6 Qxc6 29.bxc6 Kf7
30.Bf4 Ne7 31.d5 Nxd5 32.Bb8 Ke7 33.Bxa7 Kd6 34.Bb8+ Kxc6 35.Kf1 Nb4 36.a7 Kb7
37.Ke2 Nc6 38.Bd6 Nxa7 39.Kd3 Kc6 40.Bf8 g6 41.Ke4 Nb5 42.g4 Nd6+ 43.Kd4 b5
44.Be7 Ne8 45.f3 Kd7 46.Ba3 Nc7 47.Bc1 Kc6 48.Bb2 Nd5 49.Bc1 Kd6 50.h4 Ke6
51.Bd2 h5 52.Kc5 b4 53.Kc4 Ke5 54.Bc1 Ke6 55.Bd2 f5 56.gxh5 gxh5 57.Bh6 f4
58.Bf8 Ne3+ 59.Kxb4 Ng2 60.Bh6 Kf5 61.Bg5 Ne1 62.Kc3 Nxf3 63.Be7 Ke4 64.Kc2 Kf5
65.Kd3 Kg4 66.Ke4 Nd2+ 67.Kd3 Nf1 68.Ke2 Ng3+ 69.Kf2 Nf5 70.Bd8 Nxh4 71.Bc7 Nf5
72.Kg2 h4 73.Kf2 h3 74.Bb8 Ng3 75.Kg1 Nf5 76.Ba7 Ne3 77.Kh2 Nf1+ 78.Kg1 Kg3
79.Bf2+ Kf3 80.Bc5 Ke2 81.Bd6 f3 82.Bc5 Ne3  0-1

[Event "12th Sigeman & Co"]
[Site "Malmoe/Copenhagen SWE"]
[Date "2004.04.02"]
[Round "3"]
[White "Aagaard,J"]
[Black "Nielsen,PH"]
[Result "1/2-1/2"]
[WhiteElo "2400"]
[BlackElo "2628"]

1.e4 c5 2.Nf3 e6 3.Nc3 d6 4.d4 cxd4 5.Nxd4 Nc6 6.Be3 Nf6 7.Qd2 Be7 8.f3 O-O
9.O-O-O a6 10.g4 Nd7 11.h4 Nxd4 12.Bxd4 b5 13.g5 Qc7 14.Kb1 b4 15.Na4 Bb7
16.Qxb4 Bc6 17.Nc3 Rfb8 18.Qc4 Ne5 19.Qe2 Bb5 20.Qf2 Bxf1 21.Rhxf1 Nc4 22.b3 Rb4
23.Rd3 Rc8 24.Na4 Na3+ 25.Kb2 d5 26.exd5 Qxc2+ 27.Qxc2 Rxc2+ 28.Ka1 exd5
29.Re1 Bf8 30.Bb2 Rxh4 31.Rxd5 Rhh2 32.Bxa3 Rxa2+ 33.Kb1 Rxa3 34.Rd8 Rxb3+
35.Kc1 Ra3 36.Kb1 Rb3+ 37.Kc1 Ra3 38.Kb1 Rxf3 39.Nc5 f6 40.g6 hxg6 41.Ne6 Rb3+
42.Kc1 Ra3 43.Kb1 Raa2 44.Rxf8+ Kh7 45.Re8 Rab2+ 46.Ka1 g5 47.Re7 Kh6 48.Nxg7 Ra2+
49.Kb1 Rhb2+ 50.Kc1 Rc2+ 51.Kb1 Rab2+ 52.Ka1 Ra2+ 53.Kb1 Rcb2+ 54.Kc1 Rb5
55.R1e6 Rf2 56.Ne8 Rbf5 57.Rf7 Kg6 58.Rg7+ Kh5 59.Rf7 Kg6 60.Rg7+ Kh5 61.Rf7 Rf1+
62.Kd2 R5f2+ 63.Re2 f5 64.Nd6 Kg4 65.Nc4 f4 66.Ne5+ Kg3 67.Rg7 f3 68.Rxg5+ Kf4
69.Nd3+  1/2-1/2

[Event "ACP Blitz Prelim3"]
[Site "playchess.com INT"]
[Date "2004.04.14"]
[Round "3"]
[White "Sharevich,A"]
[Black "Nielsen,PH"]
[Result "0-1"]
[WhiteElo "2240"]
[BlackElo "2628"]

1.d4 d5 2.Nf3 c6 3.c4 Nf6 4.Nc3 dxc4 5.e3 b5 6.a4 b4 7.Nb1 Ba6 8.Qc2 b3 9.Qd1 e6
10.Ne5 c5 11.Bxc4 Bxc4 12.Nxc4 cxd4 13.exd4 Nc6 14.Be3 Qd5 15.Qxb3 Qxg2 16.Rf1 Bb4+
17.Nbd2 O-O 18.Ke2 Rab8 19.Qc2 Rfd8 20.Rg1 Qh3 21.Nf3 Bf8 22.Rg3 Qf5 23.Qxf5 exf5
24.Rag1 Ne4 25.R3g2 Rb4 26.Rc1 Rxa4 27.Nh4 f4 28.Bxf4 Nxd4+ 29.Kf1 Rc8 30.b3 Nxb3
31.Rb1 Rcxc4 32.Rxb3 Nc5 33.Nf5 g6 34.Rb8 Rxf4 35.Ne7+ Kg7 36.Nd5 Rfe4 37.Nc3 Ra1+
38.Nb1 Nd3 39.Rg5 Rb4 40.Rgb5 Raxb1+ 41.Kg2 Rxb5  0-1

[Event "ACP Blitz Prelim3"]
[Site "playchess.com INT"]
[Date "2004.04.14"]
[Round "4"]
[White "Nielsen,PH"]
[Black "Luther,T"]
[Result "1-0"]
[WhiteElo "2628"]
[BlackElo "2577"]

1.d4 Nf6 2.c4 e6 3.Nc3 Bb4 4.Qc2 O-O 5.a3 Bxc3+ 6.Qxc3 b6 7.Bg5 Ba6 8.e3 d6
9.Bd3 Nbd7 10.Ne2 h6 11.Bh4 c5 12.Qc2 Rc8 13.Qa4 cxd4 14.exd4 Nb8 15.Rd1 Qd7
16.Qb4 Nc6 17.Qd2 Ne8 18.b4 Bb7 19.O-O Ne7 20.f3 Ba6 21.b5 Bb7 22.Bf2 Nf6
23.Rfe1 Rfe8 24.a4 a6 25.Qb2 axb5 26.axb5 Ra8 27.Nc3 Qc7 28.Ra1 Nd7 29.Bg3 Reb8
30.Qb4 Nc8 31.Ne4 e5 32.dxe5 dxe5 33.h3 Rxa1 34.Rxa1 Ra8 35.Rxa8 Bxa8 36.Bf2 Bxe4
37.Bxe4 Nc5 38.Bc6 Nd3 39.Qd2 Nxf2 40.Qxf2 Qd6 41.Qe3 Qc5 42.Qxc5 bxc5 43.Kf2 Nb6
44.Ke3 f5 45.g4 g6 46.Bd5+ Kg7 47.h4 Kf6 48.Kd3 Kg7 49.Ke2 Kf6 50.Kf2 Kg7
51.h5 Kf6 52.hxg6 fxg4 53.g7 Kg6 54.g8=Q+  1-0

[Event "ACP Blitz Prelim3"]
[Site "playchess.com INT"]
[Date "2004.04.14"]
[Round "7"]
[White "Berg,E"]
[Black "Nielsen,PH"]
[Result "1-0"]
[WhiteElo "2495"]
[BlackElo "2628"]

1.e4 c6 2.Nc3 d5 3.Nf3 Bg4 4.h3 Bxf3 5.Qxf3 e6 6.Be2 Nd7 7.O-O g6 8.d4 Bg7
9.Rd1 Ne7 10.Bg5 h6 11.Bh4 O-O 12.Rd2 a6 13.Re1 g5 14.Bg3 Ng6 15.a3 Qb6 16.Na4 Qa5
17.Nc3 c5 18.exd5 cxd4 19.dxe6 Nde5 20.Qd5 Qxd5 21.Nxd5 fxe6 22.Nc7 d3 23.Bxd3 Nxd3
24.cxd3 Rac8 25.Nxe6 Rfe8 26.Rde2 Bf6 27.d4 Re7 28.d5 Rd7 29.d6 Rc4 30.Nc7 Kf7
31.Nd5 Bd8 32.Ne3 Rd4 33.Ng4 Kg7 34.Ne3 Kf6 35.Nc2 Rc4 36.Re6+ Kf7 37.Ne3 Rc5
38.Ng4 h5 39.Ne5+ Kxe6 40.Nxg6+ Kf6 41.Ne5 Rh7 42.h4 g4 43.Nd3 Rd5 44.Nf4 Rd4
45.Ne6 Bb6 46.Be5+ Kxe6 47.Bxd4+ Kxd6 48.Bxb6  1-0

[Event "ACP Blitz Prelim3"]
[Site "playchess.com INT"]
[Date "2004.04.14"]
[Round "8"]
[White "Nielsen,PH"]
[Black "Zarnicki,P"]
[Result "1/2-1/2"]
[WhiteElo "2628"]
[BlackElo "2521"]

1.d4 Nc6 2.c4 e5 3.d5 Nce7 4.g3 Ng6 5.Bg2 Bb4+ 6.Bd2 Bxd2+ 7.Qxd2 Nf6 8.Nc3 O-O
9.h4 d6 10.h5 Nh8 11.e4 c6 12.f3 cxd5 13.cxd5 h6 14.Nge2 Ne8 15.g4 f6 16.Ng3 Nf7
17.Bf1 Ng5 18.Be2 a6 19.Nd1 Qb6 20.Nf2 Bd7 21.Kf1 Nc7 22.Kg2 Nb5 23.Bxb5 Qxb5
24.Nh3 Rac8 25.Rhc1 Rxc1 26.Rxc1 Rc8 27.Rxc8+ Bxc8 28.Qc2 Bd7 29.Nxg5 fxg5
30.Qc7 Qxb2+ 31.Kh3 Bb5 32.Qxd6 Qf2 33.Qe6+ Kh8 34.Qc8+ Kh7 35.Qf5+ Kh8 36.Qc8+ Kh7
37.Qf5+ Kh8 38.Qc8+  1/2-1/2

[Event "ACP Blitz Prelim3"]
[Site "playchess.com INT"]
[Date "2004.04.14"]
[Round "12"]
[White "Nielsen,PH"]
[Black "Golubev,M"]
[Result "1-0"]
[WhiteElo "2628"]
[BlackElo "2532"]

1.d4 Nf6 2.c4 g6 3.Nc3 Bg7 4.g3 O-O 5.Bg2 d6 6.e4 Nc6 7.Nge2 e5 8.d5 Nd4
9.O-O Nxe2+ 10.Qxe2 Ne8 11.Bd2 f5 12.exf5 gxf5 13.f4 Nf6 14.fxe5 dxe5 15.Qxe5 Ne4
16.Qf4 Nxd2 17.Qxd2 Bd7 18.c5 Qf6 19.Rad1 Rad8 20.Kh1 Be8 21.d6 cxd6 22.cxd6 b6
23.Nd5 Qxb2 24.Qg5 Bd7 25.Ne7+ Kh8 26.Ng6+ hxg6 27.Qh4+  1-0

[Event "ACP Blitz Prelim3"]
[Site "playchess.com INT"]
[Date "2004.04.14"]
[Round "13"]
[White "Relange,E"]
[Black "Nielsen,PH"]
[Result "1-0"]
[WhiteElo "2505"]
[BlackElo "2628"]

1.d4 c6 2.c4 d5 3.Nc3 Nf6 4.Nf3 e6 5.Bg5 h6 6.Bh4 dxc4 7.e4 g5 8.Bg3 b5 9.Be2 Bb7
10.Qc2 Nbd7 11.O-O Qb6 12.a4 a6 13.Rfd1 Nh5 14.d5 Nxg3 15.hxg3 Bc5 16.dxe6 fxe6
17.Bf1 O-O-O 18.axb5 cxb5 19.b3 g4 20.bxc4 gxf3 21.cxb5 fxg2 22.Bxg2 Rhf8
23.Na4 Qc7 24.Rxd7 Rxd7 25.Nxc5 axb5 26.Rc1 Re7 27.Nxe6 Qxc2 28.Rxc2+ Kd7
29.Nxf8+ Ke8 30.Ng6 Rd7 31.e5 Rd1+ 32.Kh2  1-0

[Event "ACP Blitz Prelim3"]
[Site "playchess.com INT"]
[Date "2004.04.14"]
[Round "14"]
[White "Nielsen,PH"]
[Black "Kasimdzhanov,R"]
[Result "0-1"]
[WhiteElo "2628"]
[BlackElo "2652"]

1.Nf3 Nf6 2.c4 e6 3.Nc3 Bb4 4.Qc2 d5 5.a3 Be7 6.d4 O-O 7.Bf4 a6 8.e3 dxc4
9.Bxc4 b5 10.Bd3 Bb7 11.O-O Nbd7 12.b4 Bxf3 13.gxf3 c6 14.Ne4 Rc8 15.Nc5 Nxc5
16.bxc5 Nd5 17.Bg3 f5 18.Kh1 Bh4 19.Rg1 Bxg3 20.hxg3 Qf6 21.f4 Ra8 22.Kg2 Rfb8
23.g4 g6 24.Kf1 a5 25.Ke2 b4 26.gxf5 b3 27.Qd2 exf5 28.Bc4 Qe6 29.Kf3 a4
30.Rab1 Kg7 31.Qd3 Rb7 32.Kg3 Rd7 33.Rb2 Qe7 34.Kh3 Kh8 35.Rg3 Nf6 36.Kg2 Ne4
37.Rh3 Nxc5 38.Qe2 Ne4 39.Rb1 Nc3 40.Qd3 Nxb1 41.Qxb1 Qxa3 42.Be6 Re7 43.d5 cxd5
44.Bxd5 Rd8 45.Qd1 Qb2 46.Qd3 Red7 47.e4 fxe4 48.Qxe4 Rxd5 49.Qe7 Qg7  0-1

[Event "ACP Blitz Prelim3"]
[Site "playchess.com INT"]
[Date "2004.04.14"]
[Round "15"]
[White "Landa,K"]
[Black "Nielsen,PH"]
[Result "1-0"]
[WhiteElo "2550"]
[BlackElo "2628"]

1.d4 c6 2.e4 d5 3.Nc3 dxe4 4.Nxe4 Bf5 5.Ng3 Bg6 6.h4 h6 7.Nf3 Nd7 8.h5 Bh7
9.Bd3 Bxd3 10.Qxd3 Ngf6 11.Bf4 e6 12.O-O-O Nd5 13.Bd2 Nb4 14.Qb3 a5 15.Kb1 a4
16.Qe3 Nd5 17.Qe2 b5 18.Ne5 Nxe5 19.dxe5 Qb6 20.Ne4 b4 21.Qc4 Qb5 22.Qxb5 cxb5
23.c3 bxc3 24.Nxc3 Nxc3+ 25.Bxc3 b4 26.Bd4 Be7 27.Be3 Ra5 28.f4 O-O 29.Rd7 Bc5
30.Bc1 Rc8 31.Rhd1 Raa8 32.Rb7 Rd8 33.Rdd7 Rxd7 34.Rxd7 Kf8 35.Kc2 Rc8 36.Kd3 Ke8
37.Rb7 Rd8+ 38.Ke2 Rd4 39.Rb5 Rc4 40.Bd2 Kd7 41.b3 axb3 42.axb3 Rc2 43.Kd3 Kc6
44.Kxc2 Kxb5 45.Kd3 Bf2 46.g4 Bg3 47.Ke4 Kc5 48.f5 Bh4 49.f6 gxf6 50.Bxh6 fxe5
51.Bg7 Kd6 52.h6  1-0

[Event "ACP Blitz Prelim3"]
[Site "playchess.com INT"]
[Date "2004.04.14"]
[Round "16"]
[White "Nielsen,PH"]
[Black "Raetsky,A"]
[Result "1-0"]
[WhiteElo "2628"]
[BlackElo "2393"]

1.f4 g5 2.fxg5 h6 3.g6 fxg6 4.e4 Nc6 5.Nf3 Bg7 6.d4 d6 7.c3 Bg4 8.Be2 e5
9.d5 Nce7 10.O-O Nf6 11.Be3 Qd7 12.h3 Bxf3 13.Bxf3 O-O 14.c4 Rf7 15.Nc3 Raf8
16.Bg4 Nxg4 17.Qxg4 Qxg4 18.hxg4 a6 19.c5 Kh7 20.b4 g5 21.a4 Ng6 22.b5 Nf4
23.c6 axb5 24.axb5 b6 25.g3 Nd3 26.Rxf7 Rxf7 27.Rf1 Kg6 28.Rxf7 Kxf7 29.Bxb6  1-0

[Event "3rd ACP Blitz Prelim1"]
[Site "playchess.com INT"]
[Date "2004.05.31"]
[Round "3"]
[White "Nielsen,PH"]
[Black "Baklan,V"]
[Result "1/2-1/2"]
[WhiteElo "2628"]
[BlackElo "2615"]

1.c4 Nf6 2.Nc3 e5 3.Nf3 Nc6 4.a3 g6 5.g3 Bg7 6.Bg2 O-O 7.O-O d6 8.d3 a5 9.Rb1 h6
10.b4 axb4 11.axb4 Be6 12.Nd2 Qd7 13.b5 Nd8 14.Re1 c6 15.Bb2 d5 16.Nf3 Qc7
17.bxc6 bxc6 18.cxd5 Nxd5 19.Ne4 f5 20.Nc5 Bf7 21.e4 fxe4 22.Rxe4 Qa7 23.Ra1 Qb8
24.Rxa8 Qxa8 25.Bxe5 Nc3 26.Bxc3 Bxc3 27.Nd7 Re8 28.Rxe8+ Bxe8 29.Qb3+ Nf7
30.Qxc3 Bxd7 31.Qf6 Bf5 32.Nh4 Bxd3 33.Nxg6 Qb7 34.Ne7+ Kf8 35.Ng6+ Kg8 36.Ne7+ Kf8
37.Ng6+ Kg8  1/2-1/2

[Event "3rd ACP Blitz Prelim1"]
[Site "playchess.com INT"]
[Date "2004.05.31"]
[Round "4"]
[White "Bartel,Mat"]
[Black "Nielsen,PH"]
[Result "1-0"]
[WhiteElo "2501"]
[BlackElo "2628"]

1.e4 c6 2.d4 d5 3.Nd2 dxe4 4.Nxe4 Bf5 5.Ng3 Bg6 6.Bc4 e6 7.N1e2 Nf6 8.Nf4 Bd6
9.h4 Qc7 10.Nxg6 hxg6 11.Qf3 Nbd7 12.Bg5 O-O-O 13.O-O-O Nb6 14.Bb3 Nbd5 15.Ne2 b5
16.c4 bxc4 17.Bxc4 Kb8 18.Kb1 Ka8 19.Rc1 Qb6 20.Qb3 Rb8 21.Qxb6 axb6 22.Bb3 Kb7
23.Nc3 Nxc3+ 24.bxc3 Kc7 25.Rhe1 b5 26.g3 Kd7 27.Bxf6 gxf6 28.c4 bxc4 29.Rxc4 Rb4
30.Rec1 Rhb8 31.Rxc6 Rxd4 32.R6c3 f5 33.Kc2 Ke7 34.Rd1 Be5 35.Rcd3 Rc8+ 36.Kd2 Re4
37.Re1 Bd6 38.Rxe4 fxe4 39.Rd4 f5 40.a4 Bc5 41.Rc4 Rd8+ 42.Ke2 Bd4 43.a5 Rb8
44.Rxd4 Rxb3 45.Ra4 Rb2+ 46.Ke3 Rb3+ 47.Ke2 Rb2+ 48.Ke3 Rb3+ 49.Kd4 Kd6 50.a6 Rb8
51.a7 e5+ 52.Kc4 Ra8 53.Ra6+ Ke7 54.Kd5 f4 55.Kxe4 fxg3 56.fxg3 Kf7 57.Kxe5 Kg7
58.Kf4  1-0

[Event "3rd ACP Blitz Prelim1"]
[Site "playchess.com INT"]
[Date "2004.05.31"]
[Round "6"]
[White "Nielsen,PH"]
[Black "Atarov,E"]
[Result "1-0"]
[WhiteElo "2628"]
[BlackElo "2138"]

1.d4 Nf6 2.c4 e6 3.Nc3 Bb4 4.Qc2 c5 5.dxc5 O-O 6.a3 Bxc5 7.Nf3 Nc6 8.Bg5 h6
9.Bh4 Be7 10.e4 a6 11.e5 Ne8 12.Bg3 d6 13.O-O-O Qc7 14.exd6 Bxd6 15.Rxd6 Nxd6
16.c5 e5 17.cxd6 Qxd6 18.Bc4 Qc5 19.Nd5 Be6 20.Ne3 Nd4 21.Nxd4 Qxd4 22.Bxe6 fxe6
23.Rd1 Qb6 24.Kb1 Rac8 25.Qe4 Rc5 26.Rd7 Rf7 27.Rxf7 Kxf7 28.Bxe5 Qb3 29.Bd4 Rb5
30.Qf3+ Kg8 31.Qg4 Qd3+ 32.Ka1 e5 33.Bc3 Rc5 34.Qe6+ Kh8 35.Qb3 Rb5 36.Qc4 Qd7
37.h4 Qe7 38.h5 Qf6 39.f3 Qg5 40.Qc8+ Kh7 41.Qf5+ Qxf5 42.Nxf5 Rb6 43.Ne3  1-0

[Event "3rd ACP Blitz Prelim1"]
[Site "playchess.com INT"]
[Date "2004.05.31"]
[Round "7"]
[White "Golubev,M"]
[Black "Nielsen,PH"]
[Result "0-1"]
[WhiteElo "2532"]
[BlackElo "2628"]

1.e4 c6 2.d4 d5 3.Nc3 dxe4 4.Nxe4 Bf5 5.Ng3 Bg6 6.h4 h6 7.Nf3 Nd7 8.h5 Bh7
9.Bd3 Bxd3 10.Qxd3 e6 11.Bf4 Ngf6 12.O-O-O Be7 13.Kb1 O-O 14.Qe2 Qa5 15.Ne5 Rfe8
16.Rhe1 Rad8 17.Nc4 Qa6 18.Nd6 Qxe2 19.Rxe2 Bxd6 20.Bxd6 Nb6 21.Be5 Rd5 22.Bxf6 gxf6
23.Ne4 Nd7 24.g4 b5 25.c3 Kh7 26.Kc2 Rg8 27.f3 f5 28.Nf2 Nf6 29.Rg1 Nxh5
30.Nh3 Nf6 31.Nf4 Rdd8 32.Reg2 Nd5 33.Nxd5 Rxd5 34.g5 Rxg5 35.Rxg5 hxg5 36.Rxg5 Rd8
37.Kd3 Rg8 38.Rxg8 Kxg8 39.c4 Kf8 40.cxb5 cxb5 41.Kc3 a5 42.a4 bxa4 43.Kc4 f6
44.f4 Ke7 45.Kc5 Kd7 46.Kb5 e5 47.dxe5 fxe5 48.fxe5 Ke6  0-1

[Event "3rd ACP Blitz Prelim1"]
[Site "playchess.com INT"]
[Date "2004.05.31"]
[Round "15"]
[White "Nielsen,PH"]
[Black "Bartel,Mat"]
[Result "1-0"]
[WhiteElo "2628"]
[BlackElo "2501"]

1.e4 e6 2.d4 d5 3.Nc3 Bb4 4.e5 c5 5.a3 Bxc3+ 6.bxc3 Qa5 7.Bd2 Ne7 8.h4 Nbc6
9.h5 Bd7 10.h6 gxh6 11.Nf3 Qa4 12.Rb1 c4 13.Rxb7 O-O-O 14.Rb1 Ng8 15.Qc1 f6
16.Qb2 Qa6 17.exf6 Nxf6 18.Bf4 Qb6 19.Qxb6 axb6 20.Rxb6 Be8 21.Ne5 Nxe5 22.Bxe5 Nd7
23.Rc6+ Kb7 24.Rc7+ Kb6 25.Rxd7 Bxd7 26.Bxh8 Rxh8 27.Rxh6 Kc7 28.Be2 Kd6
29.g4 Be8 30.f4 Ke7 31.f5 exf5 32.gxf5 Bd7 33.Bg4 Kf7 34.Rd6 Ba4 35.f6 h5
36.Bf3 Bxc2 37.Bxd5+ Kg6 38.Kf2 h4 39.Kg2 Bd3 40.a4 h3+ 41.Kh2 Bf1 42.a5 Rb8
43.f7+ Kg7 44.Rb6 Rd8 45.a6 Rxd5 46.a7 Ra5 47.f8=Q+ Kxf8 48.Rb8+ Ke7 49.a8=Q Rxa8
50.Rxa8 Kd6 51.Ra5 Ke6 52.Rh5 Kd6 53.Kg3 Ke6 54.Kf4 Kd6 55.Ke3 Ke6 56.d5+ Kd6
57.Kd4 Kd7 58.Rh6 Ke7 59.d6+ Kd7 60.Ke5 Bg2 61.Rh7+ Kd8 62.Ke6  1-0

[Event "3rd ACP Blitz Octofinal"]
[Site "playchess.com INT"]
[Date "2004.06.05"]
[Round "1"]
[White "Kobalia,M"]
[Black "Nielsen,PH"]
[Result "0-1"]
[WhiteElo "2630"]
[BlackElo "2628"]

1.e4 c6 2.c4 d5 3.exd5 cxd5 4.cxd5 Nf6 5.Nf3 Nxd5 6.Bc4 e6 7.O-O Nc6 8.d4 Be7
9.Re1 O-O 10.Nc3 Bf6 11.Bb3 Nce7 12.Ne4 b6 13.Nxf6+ Nxf6 14.Bg5 Bb7 15.Ne5 Nf5
16.Ng4 Qxd4 17.Nxf6+ gxf6 18.Qxd4 Nxd4 19.Bxf6 Nxb3 20.Re3 h5 21.axb3 Kh7
22.Rc3 Rfc8 23.Rg3 Rg8 24.b4 Rg4 25.f3 Rxg3 26.hxg3 a6 27.Bd4 b5 28.Kf2 Rc8
29.Bc3 Rd8 30.Ke3 Kg6 31.Rh1 Rc8 32.Kd4 f6 33.Ke3 Rc4 34.Rd1 Bd5 35.Rd2 Kf7
36.Rd1 Kg6 37.Kd3 Kf7 38.Rh1 Kg6 39.Bd2 Rc6 40.Be3 Bc4+ 41.Kd2 Rd6+ 42.Kc2 Bd3+
43.Kc3 Bf5 44.Bc5 Rd3+ 45.Kc2 Rxf3+ 46.Kc1 Rxg3 47.Rg1 Be4 48.Re1 f5 49.Re2 Rxg2
50.Rxg2+ Bxg2 51.Kd2 f4  0-1

[Event "3rd ACP Blitz Octofinal"]
[Site "playchess.com INT"]
[Date "2004.06.05"]
[Round "2"]
[White "Glek,I"]
[Black "Nielsen,PH"]
[Result "1-0"]
[WhiteElo "2571"]
[BlackElo "2628"]

1.e4 e5 2.Nf3 Nc6 3.Bb5 Nf6 4.Nc3 Nd4 5.Nxd4 exd4 6.e5 dxc3 7.exf6 Qxf6 8.dxc3 Bc5
9.Qe2+ Qe7 10.Qxe7+ Bxe7 11.Bf4 a6 12.Ba4 b5 13.Bb3 d6 14.Bd5 Rb8 15.Bc6+ Bd7
16.Bxd7+ Kxd7 17.O-O-O Rhe8 18.Rhe1 Bf6 19.f3 Re6 20.Rxe6 fxe6 21.Be3 g5
22.Bd4 e5 23.Be3 Ke6 24.Kd2 h5 25.h3 c5 26.Ke2 c4 27.b4 d5 28.Bc5 g4 29.hxg4 hxg4
30.Rh1 Rg8 31.Rh7 gxf3+ 32.gxf3 Rg2+ 33.Bf2 Kf5 34.Kf1 Rg7 35.Rh6 Rg8 36.Ke2 Ra8
37.Bh4 Bxh4 38.Rxh4 a5 39.a3 axb4 40.axb4 Ra2 41.Kd2 Ra1 42.Rh8 Rg1 43.Rf8+ Ke6
44.Rb8 Rg2+ 45.Kd1 Rf2 46.Rb6+ Kf5 47.Rxb5 Ke6 48.Rb6+ Kd7 49.Rf6 e4 50.Rf5 exf3
51.Rxd5+ Kc6 52.Rf5 Kb6 53.Rf4 Kb5 54.Kc1 Rf1+ 55.Kb2 f2 56.Rf6 Rh1 57.Rf5+ Kb6
58.Rxf2 Rh4 59.Rf5 Rg4 60.Rc5 Rh4 61.Ka3 Rg4 62.Ka4 Rh4 63.Rc8 Kb7 64.Rg8 Kb6
65.Rg6+ Kb7 66.Kb5 Rf4 67.Rg7+ Kb8 68.Kc5 Rh4 69.b5 Rf4 70.Kb4 Rg4 71.Rxg4  1-0

[Event "3rd ACP Blitz Octofinal"]
[Site "playchess.com INT"]
[Date "2004.06.05"]
[Round "2"]
[White "Vaisser,A"]
[Black "Nielsen,PH"]
[Result "0-1"]
[WhiteElo "2573"]
[BlackElo "2628"]

1.d4 Nf6 2.c4 e6 3.Nc3 Bb4 4.Qc2 c5 5.dxc5 Na6 6.a3 Bxc3+ 7.Qxc3 Nxc5 8.f3 d5
9.cxd5 b6 10.b4 Na4 11.Qb3 b5 12.e4 a6 13.Ne2 O-O 14.Bg5 h6 15.Bh4 Re8 16.Rd1 exd5
17.Rxd5 Qb6 18.Bf2 Qc7 19.Rd1 Be6 20.Qe3 Bc4 21.Ng3 Rad8 22.Rc1 Nd5 23.Qa7 Qf4
24.Rc2 Qf6 25.Bd4 Qc6 26.Bxc4 bxc4 27.O-O Nf4 28.Ba1 c3 29.Qe3 Nd3 30.Rd1 Qc4
31.Ne2 Qb3 32.Rxd3 Qxc2 33.Rxd8 Rxd8 34.Bxc3 Nxc3 35.Nxc3 Rd3  0-1

[Event "3rd ACP Blitz Octofinal"]
[Site "playchess.com INT"]
[Date "2004.06.05"]
[Round "3"]
[White "Nielsen,PH"]
[Black "Vaisser,A"]
[Result "1-0"]
[WhiteElo "2628"]
[BlackElo "2573"]

1.Nf3 f5 2.c4 Nf6 3.g3 e6 4.Bg2 d5 5.O-O Bd6 6.d3 O-O 7.Nc3 Nc6 8.cxd5 exd5
9.Bg5 Be7 10.Qb3 Kh8 11.Bxf6 Bxf6 12.Qxd5 Qe7 13.Qb3 Rb8 14.Nd5 Qf7 15.Nxf6 Qxf6
16.Rfc1 Be6 17.Qc3 Qe7 18.Ne5 Nxe5 19.Qxe5 c6 20.b4 a6 21.a4 Rbe8 22.b5 axb5
23.axb5 Qf7 24.bxc6 bxc6 25.Bxc6 Bd7 26.Qd5 Qxd5 27.Bxd5 Rxe2 28.Rc7 Bb5
29.Raa7 Bxd3 30.Rxg7 f4 31.gxf4 Bf5 32.Kg2 Rd8 33.Bf3 Rb2 34.Rg5 Rf8 35.Rgg7 Bg6
36.Rge7 Rb4 37.f5 Bxf5 38.Reb7 Rg8+ 39.Kf1 Bd3+ 40.Ke1 Rxb7 41.Rxb7 Rf8 42.Bd5 Re8+
43.Kd2 Be4 44.Rd7 Re7 45.Rxe7  1-0

[Event "3rd ACP Blitz Octofinal"]
[Site "playchess.com INT"]
[Date "2004.06.05"]
[Round "3"]
[White "Kobalia,M"]
[Black "Nielsen,PH"]
[Result "1-0"]
[WhiteElo "2630"]
[BlackElo "2628"]

1.e4 c6 2.c4 d5 3.exd5 cxd5 4.cxd5 Nf6 5.Nf3 Nxd5 6.Bc4 e6 7.O-O Be7 8.d4 O-O
9.Re1 Nc6 10.Nc3 Bf6 11.Bb3 Nce7 12.Ne4 b6 13.Nxf6+ Nxf6 14.Bg5 Bb7 15.Ne5 Nf5
16.Ng4 Qxd4 17.Bxf6 gxf6 18.Nh6+ Kh8 19.Nxf5 Qxd1 20.Raxd1 exf5 21.Re7 Ba6
22.f3 Rac8 23.Bxf7 Rfd8 24.Rxd8+ Rxd8 25.Rxa7 Bd3 26.Kf2 f4 27.Ra4 Bg6 28.Bxg6 hxg6
29.Rxf4 Rd2+ 30.Kg3 Rxb2 31.Rxf6 Kg7 32.Rc6 b5 33.Rb6 b4 34.h4 Kh6 35.Kh3 Kg7
36.g3  1-0

[Event "Politiken Cup"]
[Site "Copenhagen DEN"]
[Date "2004.07.24"]
[Round "1"]
[White "Marder,S"]
[Black "Nielsen,PH"]
[Result "0-1"]
[WhiteElo "2054"]
[BlackElo "2652"]

1.g3 c5 2.Bg2 g6 3.c4 Bg7 4.Nc3 Nc6 5.d3 d6 6.Bd2 e5 7.Nd5 Nge7 8.h4 h6 9.Bc3 Nxd5
10.cxd5 Ne7 11.a4 O-O 12.e3 h5 13.Ne2 Bg4 14.Qb3 Qc7 15.Qc4 Rfc8 16.Nc1 a6
17.a5 Bd7 18.O-O Bb5 19.Qa2 c4 20.d4 exd4 21.exd4 Re8 22.Rd1 Nf5 23.Bf3 Re7
24.Ne2 Rae8 25.Nf4 Bh6 26.Ng2 Qd7 27.Qb1 Ba4 28.Re1 Rxe1+ 29.Nxe1 Bg7 30.Nc2 Bb3
31.Kg2 Re7 32.Qc1 Bh6 33.Qb1 Qe8 34.Ra3 Re2 35.Na1 Bd1 36.Bxe2 Qxe2  0-1

[Event "Politiken Cup"]
[Site "Copenhagen DEN"]
[Date "2004.07.29"]
[Round "7"]
[White "Nielsen,PH"]
[Black "Rozentalis,E"]
[Result "1/2-1/2"]
[WhiteElo "2652"]
[BlackElo "2619"]

1.d4 Nf6 2.c4 e6 3.Nc3 Bb4 4.Qc2 O-O 5.a3 Bxc3+ 6.Qxc3 d6 7.Bg5 Nbd7 8.e3 b6
9.Bd3 h6 10.Bh4 Bb7 11.f3 c5 12.Ne2 Rc8 13.O-O d5 14.cxd5 Nxd5 15.Qe1 N5f6
16.Rd1 Qe7 17.Qf2 cxd4 18.Nxd4 Ne5 19.Bb1 Rfd8 20.Qe2 Bd5 21.Rfe1 Bc4 22.Qf2 Ba6
23.h3 Nc6 24.e4 Nxd4 25.Rxd4 Rxd4 26.Qxd4 e5 27.Qa4 Qc5+ 28.Bf2 Qb5 29.Qxb5 Bxb5
30.Be3 Nh5 31.Rc1 Rxc1+ 32.Bxc1 Nf4 33.Bd2 Bc4 34.h4 g5 35.g3 Ne2+ 36.Kf2 gxh4
37.gxh4 Nf4 38.Bc2 Kg7 39.b3 Be6 40.Bb4 f6 41.Bd6 h5  1/2-1/2